[Event "Norway Chess 2nd"]
[Site "Stavanger"]
[Date "2014.06.05"]
[Round "3"]
[White "Carlsen, Magnus"]
[Black "Caruana, Fabiano"]
[Result "1/2-1/2"]
[WhiteElo "2881"]
[BlackElo "2791"]
[Annotator "Krasenkow,M"]
[PlyCount "134"]
[EventDate "2014.06.03"]
[EventType "tourn"]
[EventRounds "9"]
[EventCountry "NOR"]
[EventCategory "21"]
[SourceTitle "CBM 161"]
[Source "ChessBase"]
[SourceDate "2014.07.16"]

1. d4 Nf6 2. c4 g6 3. f3 d5 4. cxd5 Nxd5 5. e4 Nb6 6. Nc3 Bg7 7. Be3 O-O 8. Qd2
Nc6 9. O-O-O Qd6 10. Nb5 Qd7 11. Kb1 Rd8 12. d5 a6 13. Nc3 Qe8 14. Qc1 (14. Qe1
{was played in Gelfand-Caruana (see CBM 153, where you can learn more about
this line). After} Na7 $1 {some new games have been played since then:} 15. h4
(15. Nge2 Nb5 $1 (15... Nc4 16. Bd4 e5 17. dxe6 Bxe6 18. Bxg7 Kxg7 19. Nd4 Nb6
20. Qe3 Nc6 21. Be2 Nxd4 22. Rxd4 Qe7 23. Rxd8 Rxd8 24. h4 {1/2 (42) Jarmula,L
(2213)-Wagner,D (2467) Al-Ain UAE 2013} h6 $11) 16. Nxb5 axb5 17. Bd4 {1-0 (28)
Yang,D (2486)-Schut,L (2289) Philadelphia 2013} Rxd5 $3 18. exd5 Bf5+ 19. Kc1 (
19. Ka1 Rxa2+ 20. Kxa2 Qa8+ 21. Kb3 Qa4+ 22. Kc3 Nxd5+ 23. Kd2 Qc2#) 19... Rxa2
$40 20. Bxg7 $140 $2 Nc4 $1 $19) 15... Nb5 16. Nxb5 (16. Nge2 Nc4 $15 {1/2 (40)
Gelfand,B (2740)-Caruana,F (2757) Zuerich 2013 CBM 153 (Krasenkow,M)}) 16...
axb5 17. h5 $2 Nc4 ({Black misses} 17... Nxd5 $1 18. exd5 (18. Rxd5 $2 Rxd5 19.
exd5 Bf5+ 20. Kc1 Rxa2) 18... Bf5+ 19. Bd3 b4 $1 20. Bxf5 (20. Ne2 Rxa2 $1 21.
Kxa2 Qa4+ 22. Kb1 Qb3 $19) 20... Qa4 21. Bd4 Qxa2+ 22. Kc2 Qc4+ 23. Kb1 Bxd4
24. Rxd4 Qxd4 25. hxg6 hxg6 26. Be4 Rxd5 $1 27. Ne2 Qc4 $19) 18. Bc1 f5 19. Bd3
Qf7 20. hxg6 hxg6 21. Qh4 Qf6 22. Qxf6 Bxf6 23. Ne2 $13 {1-0 (40) Thorfinnsson,
B (2484)-Gordon,S (2533) England 2013}) 14... Na5 15. Bh6 $146 {A new move
order although not a new plan, of course. White will play h2-h4 at a later
stage.} (15. h4 e6 16. Bg5 $5 f6 17. Bd2 Nbc4 18. Bh6 Bxh6 19. Qxh6 exd5 20. h5
d4 21. hxg6 Qxg6 22. Bxc4+ Nxc4 23. Qxg6+ hxg6 24. Nge2 d3 25. Nf4 d2 26. Nxg6
Kg7 27. Nf4 Ne3 $13 {1/2 (45) Berczes,D (2497)-Sarkar,J (2452) Dallas USA 2014}
) 15... Bxh6 (15... Bh8 16. Bf4 Rd7 17. h4 {and here the position of Black's
bishop on h8 is worse than on g7.}) 16. Qxh6 e6 17. Nh3 {[%cal Rh3g5]} (17. h4
exd5 18. h5 {is harmless due to} Qf8 {.}) 17... Qe7 (17... Qf8 $5 {- the
position after the queen exchange is nearly equal but I understand Caruana
avoiding it against Carlsen.}) 18. Bd3 $5 {White goes for sharp play...} (18.
Nf4 $5 e5 19. Nd3 c6 $132 {e.g.} 20. Qe3 Nac4 21. Qc5 Qxc5 22. Nxc5 Ne3 23. Rd3
Nxf1 24. Rxf1 cxd5 25. Nxd5 Nxd5 26. Rfd1 Be6 27. Nxe6 fxe6 28. exd5 Rxd5 29.
Rxd5 exd5 30. Rxd5 Re8 31. Rd7 (31. Kc2 Kf7 32. Rd7+ Re7 33. Rxe7+ Kxe7 34. Kd3
Ke6 35. Ke4 a5 {is not enough either}) 31... e4 32. fxe4 Rxe4 33. Rxb7 Re2 {
and the endgame should be drawn.}) 18... e5 {... and Black prefers a solid
continuation. However, the resulting position is quite passive and slightly
inferior for him.} (18... exd5 19. Nf4 {[%cal Rf4h5,Rf4d5] looks dangerous but
Black holds on by means of} Be6 20. Nh5 $1 f6 $1 (20... gxh5 $2 21. exd5) 21.
exd5 Nxd5 22. Nxd5 Rxd5 23. Bxg6 $1 Rxd1+ 24. Rxd1 hxg6 25. Qxg6+ Kh8 26. Nxf6
Bg8 $1 27. Rd5 Qe1+ 28. Kc2 Qe2+ $11) 19. Nf2 Nbc4 (19... c6 {can now be met
with} 20. h4 $1 cxd5 21. Nxd5 Nxd5 22. exd5 Rxd5 23. h5 Bf5 24. Bxf5 Rxd1+ 25.
Nxd1 gxf5 26. Ne3 $16 {[%csl Ra5]} Nc6) (19... Qc5 $5 20. Qh4 $14 {A.Korotylev}
) 20. h4 Rd6 21. Bxc4 (21. Qc1 $5) 21... Nxc4 22. Qc1 {[%cal Yh4h5]} b5 (22...
Rb6 23. Nd3 $14) (22... c6 23. b3 Nb6 24. Qe3 cxd5 25. exd5 $14 {[%csl Re5]
[%cal Rf2e4,Yh1e1]}) 23. Nd3 $14 {[%csl Rc5]} Bd7 24. b3 Nb6 25. h5 g5 26. g3
$6 {[%cal Yf3f4]} (26. Qe3 $142 {preventing ...c7-c6.}) 26... c6 $1 27. f4 $6 {
White continues his plan despite Black's counterplay.} ({It was probably
better to reduce ambitions and play} 27. dxc6 Rxc6 28. Qe3 Rxc3 29. Qxb6 $13)
27... cxd5 28. Nxe5 $6 (28. fxe5 Rc6 29. Qd2 Be6 $36) 28... d4 $1 29. Qa3 a5 $1
30. Nxb5 $6 {Panic. White doesn't get sufficient compensation for the piece.} (
30. Nd5 Nxd5 31. exd5 Bf5+ 32. Ka1 a4 $36 {A.Korotylev}) 30... Bxb5 31. Rxd4
Re6 32. Qxe7 Rxe7 33. Rc1 Nd7 34. Rc7 Nxe5 $6 (34... gxf4 $1 35. gxf4 (35. Nxd7
f3 36. Nf6+ Kg7 37. Rxe7 f2 38. Rd1 Kxf6 $19) 35... Nxe5 36. Rxe7 Nc6 37. Rd5
Nxe7 38. Rxb5 Kg7 {and Black should gradually win.}) 35. Rxe7 Nc6 36. Rd5 Bd3+
37. Rxd3 Nxe7 38. fxg5 {White has got a third pawn for the piece and now has
good drawing chances.} Rb8 39. Rd7 $6 {It was more essential to bring the king
into the game.} (39. Kb2 $142 {A.Korotylev}) 39... Kf8 40. Ra7 Rb5 41. Ra8+ Kg7
42. Re8 (42. Ra6 {[%cal Rh5h6]} Rc5 $1 $17 (42... Rxg5 43. h6+ Kh8 44. Kb2))
42... Re5 (42... Nc6 $142 $1 43. h6+ Kg6 44. Rg8+ Kh5 45. Rg7 Ne5 46. Rxh7 Kxg5
{and Black should win, according to GM A.Korotylev.}) 43. g4 Rxe4 44. Kc2 Re5
45. Kd3 f6 46. gxf6+ Kxf6 47. Rh8 Kg7 48. Re8 (48. Ra8 $142 Rg5 49. a3) 48...
Kh6 (48... Nc6 $142 {Caruana was probably tired and couldn't evaluate the
position after the exchange of rooks:} 49. Rxe5 Nxe5+ 50. Kc3 (50. Kd4 Nxg4 51.
a4 Kf7 52. Kc4 Nf6 53. b4 Ke6 $19) 50... Nxg4 51. b4 axb4+ 52. Kxb4 Kf6 53. Kb5
Ke7 54. Kc6 Kd8 55. Kb7 Nf6 56. h6 (56. a4 Nxh5 57. a5 Nf4 58. a6 Ne6 59. a7
Nc7) 56... Ng4 57. a4 Nxh6 58. a5 Nf5 59. a6 Nd6+ 60. Kc6 Nc8 $19) 49. a3 Kg5
50. Rh8 $5 (50. b4 axb4 51. axb4 Kxg4 52. b5 Kxh5 {should be winning for Black.
}) 50... h6 51. Rh7 Re6 52. Rg7+ Kf6 53. Rh7 Ke5 54. Rg7 Kf4 55. b4 axb4 56.
axb4 {This passed pawn is White's main trump. The position is very hard to
evaluate and calculate; White's drawing chances are realistic.} Nc6 57. b5 Ne5+
58. Kd4 Nxg4 59. Kc5 Re5+ 60. Kc6 (60. Kb4 $1 Rxh5 (60... Ne3 61. Rg6 Rxh5 62.
b6 Nd5+ 63. Kc4 Nxb6+ 64. Rxb6 {is a draw.}) 61. b6 Ne5 62. Rh7 Nc6+ 63. Kc4 {
, keeping White's king closer to Black's pawn, was probably more appropriate.})
60... Rxh5 $2 ({A.Korotylev recommends} 60... Ne3 $142 $1 {as the rook endgame
after} 61. b6 Nc4 {will now be winning for Black: White's king is too far away.
Meanwhile it is unclear whether White can reach a draw by refraining from
b5-b6.}) 61. b6 Ne5+ 62. Kc7 Nc4 $6 (62... Nd3 $142 $1 {, but} 63. Rh7 $1 ({
but not} 63. Rf7+ Rf5 64. Rxf5+ $2 Kxf5 65. b7 Nc5 66. b8=N $8 h5 $19) 63...
Nc5 64. Kd6 {looks like a positional draw.}) 63. b7 Rc5+ 64. Kd8 Rb5 65. Kc7
Rc5+ 66. Kd8 Rb5 67. Kc7 Ke5 1/2-1/2

[Event "Norway Chess 2nd"]
[Site "Stavanger"]
[Date "2014.06.04"]
[Round "2"]
[White "Kramnik, Vladimir"]
[Black "Carlsen, Magnus"]
[Result "1/2-1/2"]
[WhiteElo "2783"]
[BlackElo "2881"]
[Annotator "Marin,M"]
[PlyCount "120"]
[EventDate "2014.06.03"]
[EventType "tourn"]
[EventRounds "9"]
[EventCountry "NOR"]
[EventCategory "21"]
[SourceTitle "CBM 161"]
[Source "ChessBase"]
[SourceDate "2014.07.16"]

1. d4 Nf6 2. c4 e6 3. g3 Bb4+ 4. Bd2 Bxd2+ 5. Qxd2 d5 6. Bg2 c6 7. Nf3 Nbd7 8.
O-O O-O 9. Rc1 b6 10. cxd5 cxd5 11. Na3 Ne4 $146 {Quite typical for Carlsen.
He changes his lines regularly in order to avoid specific preparation. With
his last move he deviates from an earlier game between the same players,
despite the favourable result.} (11... Bb7 12. Nb5 a6 13. Nd6 {Kramnik,V (2784)
-Carlsen,M (2814) Wijk aan Zee 2011 CBM 141 (Moradiabadi/Mueller,Kar) (0-1, 85)
}) 12. Qe3 Ba6 13. Ne5 Nd6 14. Nc2 Nxe5 15. dxe5 Nc4 16. Qd4 {In principle, if
White wishes to prove an advantage, this square should be the reserved for the
knight.} ({In fact, the pawn sacrifice} 16. Qf4 {looks promising:} Nxb2 17.
Rab1 Nc4 18. Nb4 g5 (18... Bb7 19. Rxc4 $16) 19. Qf6 Qxf6 20. exf6 Nd2 21. Nxa6
Nxb1 22. Rxb1 Rac8 23. Bf3 $14 {[%cal Gf3h5] Given the delicate situation of
the black king, the minor pieces sustained by the rook may be stronger than
the two black rooks.}) 16... Qe7 17. b3 Na5 18. e4 dxe4 19. Bxe4 Rac8 20. Ne3
Bb7 {The game simplifies now to a dull ending, in which Carlsen will
surprisingly (or perhaps not?!) gets the upper hand at a later stage.} 21. Rxc8
Rxc8 22. Rd1 Bxe4 23. Qxe4 h6 24. b4 Nc6 25. a3 b5 26. Kg2 a5 27. Rc1 Qd7 28.
bxa5 Nxa5 29. Rxc8+ Qxc8 30. a4 bxa4 31. Qxa4 Qb7+ 32. Kh3 Nb3 33. Nc4 Nd4 34.
Nd6 Qd5 35. f4 Ne2 36. Ne4 Qd3 37. Kg2 Nd4 38. Qa8+ Kh7 39. Nf2 Qd2 40. Qe4+ g6
41. Qd3 Qb2 42. Kf1 Kg7 43. Ng4 h5 44. Ne3 Nf3 45. Nf5+ exf5 46. Qxf3 Qxh2 47.
e6 fxe6 48. Qc3+ Kh7 49. Qc7+ Kh6 50. Qe7 Qb2 51. Qg5+ Kh7 52. Qe7+ Qg7 53.
Qxe6 Kh6 54. Qe8 Qa1+ 55. Kg2 Qb2+ 56. Kh3 Qf6 57. Qc8 h4 58. g4 fxg4+ 59. Qxg4
g5 60. fxg5+ Qxg5 1/2-1/2

[Event "Gashimov Memorial-A"]
[Site "Shamkir"]
[Date "2014.04.30"]
[Round "10"]
[White "Carlsen, Magnus"]
[Black "Caruana, Fabiano"]
[Result "1-0"]
[WhiteElo "2881"]
[BlackElo "2783"]
[Annotator "Krasenkow,M"]
[PlyCount "97"]
[EventDate "2014.04.20"]
[EventType "tourn"]
[EventRounds "10"]
[EventCountry "AZE"]
[EventCategory "22"]
[SourceTitle "CBM 160"]
[Source "ChessBase"]
[SourceDate "2014.05.15"]

1. d4 Nf6 2. Nf3 g6 3. g3 Bg7 4. Bg2 c5 5. c3 d5 {It was not a good decision
for Fabiano Caruana to sac the c5-pawn, taking into consideration that Magnus
Carlsen is especially strong in this kind of position.} 6. dxc5 O-O 7. O-O {
This line was examined in CBM 129, annotations to Kamsky-Karjakin.} a5 {
This attempt to encircle the c5-pawn proves fruitless.} (7... Nc6 8. Qb3 Qa5 9.
Qa3 Qc7 10. Bg5 Ne4 11. Be3 e5 12. Nbd2 f5 13. Rad1 Nf6 14. b4 Re8 15. Nb3 Ne4
16. b5 Ne7 17. Qc1 $16 {1-0 (41) Kamsky,G (2725)-Karjakin,S (2706) Wijk aan
Zee 2009}) (7... Qc7 $5 8. b4 e5 {deserves attention. In the following game
Black obtained decent compensation for the pawn:} 9. Bb2 Rd8 10. Nbd2 Bf5 11.
Qb3 (11. c4 $5) 11... Nc6 12. a3 b6 13. cxb6 axb6 14. Rfd1 h6 15. e3 Be6 16.
Qc2 {1/2 (16) L'Ami,E (2626)-Bok,B (2527) Haarlem 2013}) 8. Be3 (8. Nd4 $5 e5
9. Nb5 Na6 10. Bg5 e4 11. Bf4 Bd7 12. N1a3 b6 13. cxb6 Qxb6 14. c4 dxc4 $6 15.
Nd6 $16 {1/2 (90) Harika,D (2525)-Muzychuk,M (2462) Antakya 2010}) (8. c4 $5
Na6 9. Nc3 dxc4 10. Ne5 $5 Nxc5 11. Be3 Nfe4 12. Nxe4 Nxe4 13. Nxc4 Nd6 14.
Nxd6 Qxd6 15. Qxd6 exd6 16. Rad1 $14) 8... Nc6 (8... Ng4 9. Qd2 {, and Black
can't recapture the pawn anyway.}) 9. Na3 a4 10. Qc1 $1 e5 {Black's pawn
centre doesn't fully compensate for his missing pawn.} 11. Rd1 Qe7 12. Nb5 {
[%csl Rd6]} Be6 13. Ng5 (13. Nd6 {was less clear in view of} b6) 13... Bg4 $1
14. Nd6 $1 (14. f3 $6 Bc8 15. Nd6 h6 16. Nh3 Bxh3 17. Bxh3 b6 $13) 14... h6 $1
(14... Bxe2 15. Rxd5 $1 Nxd5 16. Bxd5 Nd8 17. Qc2 Bg4 18. Qe4 $16 {[%csl Gd5,
Gd6,Ge4]}) 15. Nf3 Kh7 {An unnecessary loss of a tempo.} (15... b6 $142 $1 {
- a typical undermining although White keeps the better prospects after} 16.
Ne1 $1 (16. Bxh6 $2 bxc5) 16... e4 $1 (16... Bxe2 17. Rxd5 Nxd5 18. Bxd5 bxc5
19. Bxc5 {[%csl Gc5,Gd5,Gd6]} Ra5 20. Qe3) 17. f3 exf3 18. exf3 Be6 19. Nd3)
16. h3 Be6 17. b4 {This move unexpectedly gives Black good counterplay.} (17.
Ne1 $142 {[%cal Ye1d3]}) 17... axb3 18. axb3 Rxa1 19. Qxa1 Ne4 20. Nd2 f5 $6 (
20... Nxd6 21. cxd6 Qxd6 22. Nc4 Qd8 23. Bc5 Rg8 (23... Re8 24. Nd6 Bf8 25.
Nxb7 Qb8 26. Qa6) 24. Bxd5 Bxd5 25. e4 Nd4 26. exd5 Nxb3 27. Qa3 Qc8 28. Qxb3
Qxc5 29. d6 $16 {[%csl Gd6]}) (20... d4 $1 21. Bxe4 (21. N2xe4 dxe3 22. fxe3 f5
23. Nd2 e4 $44 {[%csl Rg2]}) 21... dxe3 22. fxe3 Bxh3 $44 {White's king is
unsafe, and Black's attacking chances should not be underestimated.}) 21. N2xe4
dxe4 (21... fxe4 22. Qb1 {[%cal Yc3c4] e.g.} h5 23. c4 d4 24. Bc1) 22. Qb1 $1
f4 23. Bd2 e3 {This is now harmless.} 24. Be1 {Safely protecting White's king
while his other pieces are very active. Black has no compensation for the pawn
whatsoever.} Bf5 25. Qc1 h5 26. fxe3 fxg3 27. Bxg3 Qg5 28. e4 $1 Qxg3 29. Rd3
Qh4 30. exf5 gxf5 31. e4 $1 {White seizes the light squares.} fxe4 (31... f4
32. Nf5) (31... Bh6 32. Qd1) 32. Bxe4+ Kh8 33. Qe3 Rf4 34. Bg2 Qe7 35. Qe2 Qh4
36. b4 {The rest is clear. Black has no real counterplay anymore, and the
advance of White's queenside pawns decides the game.} e4 37. Nxe4 Ne5 38. Rd5
Kg8 39. b5 Rf5 40. c6 bxc6 41. bxc6 Qe7 42. Nd6 Rg5 43. Nb5 Qe6 44. Rd8+ Kh7
45. Qe4+ Rg6 46. c7 Qa6 47. c8=Q Qa1+ 48. Kf2 Qb2+ 49. Ke1 1-0

[Event "Gashimov Memorial-A"]
[Site "Shamkir"]
[Date "2014.04.28"]
[Round "8"]
[White "Carlsen, Magnus"]
[Black "Karjakin, Sergey"]
[Result "1/2-1/2"]
[WhiteElo "2881"]
[BlackElo "2772"]
[PlyCount "75"]
[EventDate "2014.04.20"]
[EventType "tourn"]
[EventRounds "10"]
[EventCountry "AZE"]
[EventCategory "22"]
[SourceTitle "CBM 160"]
[Source "ChessBase"]
[SourceDate "2014.05.15"]

1. d4 Nf6 2. c4 e6 3. Nf3 b6 4. g3 Ba6 5. Nbd2 Bb7 6. Bg2 Be7 7. O-O O-O 8. b3
c5 9. Bb2 cxd4 10. Nxd4 Bxg2 11. Kxg2 Nc6 12. Nxc6 dxc6 13. e4 Qd3 14. e5 Ne4
15. Nf3 Rfd8 16. Re1 Nc5 17. Nd4 Rac8 18. Re3 Qxd1 19. Rxd1 Nxb3 20. axb3 c5
21. Red3 cxd4 22. Rxd4 Kf8 23. Kf3 Ke8 24. Ke4 Bc5 25. Rxd8+ Rxd8 26. Rxd8+
Kxd8 27. f3 Kc7 28. Bc3 Kc6 29. Kd3 b5 30. b4 Bg1 31. h3 Bf2 32. g4 Bg3 33. Kd4
a6 34. Kd3 Bf2 35. Bd2 Bg3 36. Bc3 Bf2 37. Bd2 Bg3 38. Bc3 1/2-1/2

[Event "Gashimov Memorial-A"]
[Site "Shamkir"]
[Date "2014.04.26"]
[Round "6"]
[White "Mamedyarov, Shakhriyar"]
[Black "Carlsen, Magnus"]
[Result "0-1"]
[WhiteElo "2760"]
[BlackElo "2881"]
[Annotator "Ftacnik,L"]
[PlyCount "54"]
[EventDate "2014.04.20"]
[EventType "tourn"]
[EventRounds "10"]
[EventCountry "AZE"]
[EventCategory "22"]
[SourceTitle "CBM 160"]
[Source "ChessBase"]
[SourceDate "2014.05.15"]

1. d4 Nf6 2. c4 e6 3. Nc3 Bb4 4. Qc2 d5 5. Nf3 dxc4 6. Bg5 b5 {Carlsen needs
to look for positions, that are full of life even with the black pieces. His
title as champion and fantastic rating oblige him to win many games even
against very strong opponents.} 7. a4 c6 8. g3 {Mamedyarov keeps his cool and
develops the bishop in style of the Catalan Opening. His choice is certainly
sensible, since there is no direct refutation of the daring idea used by Black.
} (8. axb5 cxb5 9. Bxf6 gxf6 10. Qe4 (10. e3 Bb7 11. b3 Nd7 12. bxc4 bxc4 13.
Nd2 a5 14. Bxc4 Rg8 15. d5 Nb6 16. Qxh7 Rf8 17. Bb5+ Ke7 18. Qd3 Nxd5 19. Na2
Bxd2+ 20. Qxd2 Qb6 21. Rb1 $11 {0-1 (33) Ballesteros Perez,F-Hernandez Onna,R 
(2445) Las Palmas 1991}) 10... Qd5 11. Qg4 Nd7 12. g3 Bb7 13. Bg2 Qd6 14. O-O
Bxc3 15. bxc3 a6 16. e4 h5 17. Qh4 O-O-O 18. Rfd1 Kb8 19. Ne1 f5 20. e5 Qc7 $11
{0-1 (68) Postl,A (2315)-Lerner,K (2605) Graz 1995}) 8... Bb7 9. Bg2 Nbd7 10.
O-O Qb6 {Black is playing with fire as the opponent has excellent pieces and a
slight development advantage. On the other hand Black's advantage of an extrae
pawn can play a significant role later in the game.} 11. e4 a6 (11... Bxc3 12.
bxc3 O-O 13. a5 Qc7 14. Bf4 Qc8 15. Bd6 c5 16. e5 Nd5 17. Ng5 g6 18. a6 Bxa6
19. dxc5 Bb7 20. Ne4 Re8 21. Qd2 f5 22. exf6 N5xf6 $11 {1/2 (50) Wilhelmi,C 
(2325)-Arnold,J (2190) Budapest 1996}) (11... O-O 12. Be3 Bxc3 13. bxc3 c5 14.
dxc5 Nxc5 15. Nd2 a6 16. Rab1 Qc6 17. Nxc4 bxc4 18. Bxc5 Qxc5 19. Rxb7 Rab8 20.
Rfb1 Rxb7 21. Rxb7 Ng4 $11 {0-1 (32) Costello,C (2070)-Petersen,S (2165)
Copenhagen 1996}) 12. Rfd1 {White deserves credit for playing very sensibly in
the virtually unknown line. The pieces are taking the optimal squares and
their activity should promise compensation for the missing material.} (12. Be3
O-O 13. Ne5 Rad8 14. Rad1 c5 15. axb5 axb5 16. dxc5 Bxc5 17. Nxd7 Nxd7 18. Bg5
f6 19. Bf4 Ne5 20. Bxe5 fxe5 21. Rxd8 Rxd8 $17 {0-1 (28) Sajn,S (1896)
-Kozamernik,J (2172) Bled 2001}) 12... h6 13. Be3 (13. Bf4 O-O 14. Na2 Be7 15.
Nc3 Rad8 $15) 13... O-O 14. d5 {When all the forces are mobilised all good
players know that waiting can only help the adversary. Mamedyarov is opening
the direct fight with a logical shot in the centre.} (14. Ne5 c5 15. Na2 Ba5
16. dxc5 Nxc5 17. axb5 axb5 18. Nxc4 (18. b4 $2 cxb3 19. Qxc5 Qxc5 20. Bxc5
Rfd8 $19) 18... bxc4 19. Qxc4 Bxe4 20. Bxc5 Qc6 $15) 14... c5 {World champions
are also only human and have to tread carefully in questions of risk. The more
ambitious move 14...Bc5!? was probably deemed to be too messy, even though
Black would keep somewhat better chances.} (14... Bc5 $5 15. dxe6 fxe6 16. e5
Nd5 17. Bf4 Bc8 18. Qd2 b4 19. Ne4 c3 $15) 15. a5 (15. dxe6 Qxe6 16. Nd5 Nxd5
17. exd5 Qf6 $15) 15... Qd8 {Mamedyarov is well known as a player who always
carries a sharp knife in his bag. It makes no sense to provoke the tiger with
the unseemly move 15...Bxa5.} (15... Bxa5 16. dxe6 fxe6 17. e5 Nd5 18. Bxh6 $1
Bxc3 19. Qg6 Rf7 20. Ng5 Nxe5 21. Qh7+ Kf8 22. bxc3 Nf6 23. Bxg7+ Rxg7 24. Qh8+
Ng8 25. Bxb7 $11) 16. dxe6 (16. Nh4 exd5 17. exd5 Ne5 $17) 16... fxe6 17. Nh4
Bxc3 {The knight on c3 is eliminated as it might possibly head to the centre
and join the forces heading towards black king.} (17... Qc7 18. Bf4 e5 19. Bd2
Bxc3 20. Bxc3 $11) 18. bxc3 Qe8 (18... Qc7 19. Bf4 e5 20. Bc1 Rfe8 21. Nf5 Nf8
$13) 19. f4 Rd8 {Carlsen is not worried about the seeming passivity of his
army, it is more important to defend the critical squares like g6.} (19... Ng4
20. Bc1 Qf7 21. Rd6 Rad8 22. h3 Ngf6 23. Be3 $11) 20. h3 (20. Rd6 e5 21. Re1
$11) 20... Rf7 21. Rd6 (21. g4 e5 22. f5 Nf8 23. Bxc5 Rfd7 24. Rxd7 Qxd7 $15)
21... e5 22. f5 $6 {With his faulty decision Mamedyarov chooses the road to
perdition. It was not necessary to tempt the collapse, but White was probaby
not suspecting the level of danger.} (22. Re1 $1 Nh5 23. Qd2 Rc8 (23... Nxg3
24. fxe5 Qxe5 25. Ng6 Qe8 26. e5 Bxg2 27. Qxg2 Nf5 28. Bf2 $11) 24. Kh2 $11)
22... Nf8 $1 23. Bxc5 $2 {White could not resist the temptation to restore
material equality on the board. Unfortunately this strategy helps to improve
the black pieces and they will spring to life with astonishing force. It was
necessary to look for ways to limit the damage.} (23. Rad1 Rxd6 24. Rxd6 Qc8
25. Ng6 Nxg6 26. fxg6 Rd7 27. Qd2 Qc7 28. Rxd7 Qxd7 29. Qxd7 Nxd7 30. h4 Kf8
31. Bh3 Ke8 32. Bxd7+ Kxd7 33. Bxc5 (33. Bxh6 $2 b4 $17) 33... Ke6 34. Kf2 Bxe4
$15) 23... Rxd6 24. Bxd6 Rd7 25. Bxf8 {If every step leads in the wrong
direction the result may be somewhat depressing. The last chance for White to
put up resistance was tied to the move 25.Bb4.} (25. Bb4 N8h7 (25... Rd3 26.
Re1 Rxg3 27. Qf2 Rd3 $17) 26. Ng6 Ng5 27. Qf2 Rd3 28. h4 Ngxe4 29. Qb6 Bd5 $17)
25... Qxf8 26. Rd1 (26. Qf2 Bxe4 27. Ng6 Qe8 28. Bf1 Nd5 29. Rc1 Qb8 $17) 26...
Qc5+ 27. Kh2 (27. Kh1 Qe3 $1 (27... Bxe4 28. Bxe4 Rxd1+ 29. Qxd1 Nxe4 30. Qd8+
Kf7 31. Qd7+ Qe7 32. Qd5+ $18) 28. Rxd7 Nxd7 29. Qd1 Qd3 $19) (27. Kf1 Bxe4 28.
Bxe4 Rxd1+ 29. Qxd1 Nxe4 30. Qd8+ Kh7 31. Qb6 Qc8 32. Kg2 Qd7 $17) 27... Bxe4
$1 {Black would at any time gladly pay top dollar for the ideal coordination
of his forces as in this position. The only problem that has to be dealt with
is the counterplay against his own king.} (27... Bxe4 28. Bxe4 Rxd1 29. Qxd1
Nxe4 30. Ng2 (30. Qd8+ Kh7 31. Ng6 Qf2+ $19) 30... Kh7 31. Qc2 Qd5 32. Ne1 Nf6
$19) 0-1